000 00343nam a22001457a 4500
008 210308b ||||| |||| 00| 0 eng d
020 _a9780760049884
041 _aeng
080 _a004
082 _2004
100 _a35
101 _aSHK
245 _aPlanning and Designin Web sites
_cSue A. Conger , Richard O. Mason
942 _2udc
_cBK
999 _c55909
_d55909